000 00557nam a2200205Ia 4500
003 0100
005 20140206162922.0
008 130303s9999 xx 000 0 und d
020 _a0422713902
040 _cARRUPELIB
050 _aBL60.C58 1963
245 _aAnthropological approaches to the study of religion
260 _aLondon
260 _bTavistock Publications
300 _axlii
300 _b 176p. 22cm.
650 _aReligion and Sociology ; Religion , Primitive
_98311
700 _aBanton, Michael
_98313
942 _2lcc
_cMONOGRAPH
999 _c7517
_d7517